000 02448nam a22002777a 4500
001 1358
005 20250528095422.0
020 _a9789924340089
040 _aFISKH
_beng
_cFISKH
_dFISKH
082 _2371.91
100 _aGeystelen, Judit Van
245 _aទីណា​ ស្ដាប់មិនលឺ​ តែ... Tina cannot hear, yet... /
_c គំនិតផ្ដួចផ្ដើម និងរៀបរៀងអត្ថបទ Project Initiative and Text Judit van Geystelen - រូបថត Photography Ung Nita - បកប្រែពីភាសាអង់គ្លេសដោយ អ៊ូច សូលីដា Translation from English by Ouch Solida
250 _aបោះពុម្ពលើកទី ៤ ខែមិថុនា ឆ្នាំ​២០២២
260 _aPhnom Penh :
_bSipar,
_c2022.
300 _a31 pages :
_bcolor illustrations ;
_c18 x 25 cm
505 _aP
520 _aទីណាមានអាយុ ១៤ឆ្នាំ ហើយរស់នៅប្រទេសកម្ពុជា។ គេទៅសាលា ចូលចិត្តលេងជាមួយមិត្ត និងចង់ធ្វើដំណើរជំវិញពិភពលោក នៅពេលដែលគេធំឡើង។ ដូចជាក្មេងដ៏ទៃភាគច្រើនដែលមានអាយុដូចគ្នាដែរ ទីណាមានភាពរិករាយក្នុងជិវិត និងមានក្ដីសុបិន្តអំពីអនាគតរបស់គេ។ ប៉ុន្តែមានអ្វីម្យ់ាងដែលធ្វើឳ្យទីណាខុសគេ។ គេរស់នៅជាមួយពិការភាព គឺគេគថ្លង់។
520 _aTina is 14 years old and lives in Cambodia. He goes to school, likes to hang out with his friends and would like to travel around the world when he grows up! Like most children of his age, Tina enjoys life and has dreams about his future. Yet, something is different about Tina. Tina lives with disability, He is deaf.
521 _a600
_bLexile estimate
521 _aP
_bRaz-Plus
650 _aពិការភាព
_vក្ដីសុបិន្ត
_xដើរលេង
650 _aDisability
_vDream
_xTravel
700 _aNita, Ung
_cillustrator
700 _aSolida, Ouch
_cTranslator
942 _2ddc
_cBK
_n0
999 _c1358
_d1358